Southville International School and Colleges
Your cart is empty.
  • Cart
  • Lists
    Public lists Eva Luna New books Lux_list list_1
    Your lists Log in to create your own lists
  • Log in to your account
  • Your cookies
  • Search history
Southville International School and Colleges
  • Advanced search
  • Recent comments
  • Most popular
  • Libraries

Log in to your account

Log in with GOOGLE


If you do not have an external account, but do have a local account, you can still log in:

  1. Home
  2. MARC view: Invented Eden ;
Normal view MARC view ISBD view

Invented Eden ; (Record no. 17905)

[ view plain ]
MARC details
000 -LEADER
fixed length control field 00536nam a22001937a 4500
003 - CONTROL NUMBER IDENTIFIER
control field OSt
005 - DATE AND TIME OF LATEST TRANSACTION
control field 20191123103833.0
008 - FIXED-LENGTH DATA ELEMENTS--GENERAL INFORMATION
fixed length control field 130206t xxu||||| |||| 00| 0 eng d
020 ## - INTERNATIONAL STANDARD BOOK NUMBER
International Standard Book Number 9712714705
050 ## - LIBRARY OF CONGRESS CALL NUMBER
Classification number DS 666.T32
Item number .H488 2004
082 ## - DEWEY DECIMAL CLASSIFICATION NUMBER
Classification number F959.97
Item number .H488 2004
245 ## - TITLE STATEMENT
Title Invented Eden ;
Remainder of title the elusive, disputed history of the Tasaday
Statement of responsibility, etc Hemley, Robin
260 ## - PUBLICATION, DISTRIBUTION, ETC. (IMPRINT)
Place of publication, distribution, etc Pasig City :
Name of publisher, distributor, etc Anvil,
Date of publication, distribution, etc 2004
300 ## - PHYSICAL DESCRIPTION
Extent 339 p. : ill., 1 map
Dimensions 24 cm.
526 ## - STUDY PROGRAM INFORMATION NOTE
Reading level 1210L-1700L
562 ## - COPY AND VERSION IDENTIFICATION NOTE
Number of copies 1
942 ## - ADDED ENTRY ELEMENTS (KOHA)
Source of classification or shelving scheme Library of Congress Classification
Koha item type Books
Call number prefix Filipininana
Holdings
Withdrawn status Lost status Source of classification or shelving scheme Damaged status Home library Current library Shelving location Date acquired Source of acquisition Total Checkouts Full call number Barcode Date last seen Copy number Price effective from Koha item type
    Library of Congress Classification   College Library College Library Filipiniana Section 02/06/2013 Donation   DS 666.T32 .H488 2004 C16198 05/08/2018 1 02/06/2013 Books

Invented Eden ;

APA

(2004). Invented Eden. Pasig City: Anvil.

Chicago

2004. Invented Eden. Pasig City: Anvil.

Harvard

(2004). Invented Eden. Pasig City: Anvil.

MLA

Invented Eden. Pasig City: Anvil. 2004.

  • Place hold
  • Print
  • Cite
  • Add to your cart (remove)
  • Save record
    BIBTEX Dublin Core MARCXML MARC (non-Unicode/MARC-8) MARC (Unicode/UTF-8) MARC (Unicode/UTF-8, Standard) MODS (XML) RIS
  • More searches
    Search for this title in:
    Other Libraries (WorldCat) Other Databases (Google Scholar) Online Stores (Bookfinder.com) Open Library (openlibrary.org)

Exporting to Dublin Core...

SOUTHVILLE LIBRARY

Southville International School and Colleges Library

1281 Tropical Ave. Cor. Luxembourg St., BF Homes International, Las Pinas City

Tel. No. 8256374 / 252358 Loc. 117/146

Powered by Koha